Cher Albums Discography - Statistics

General Stats
  • This quiz has been taken 76 times
    37 since last reset
  • The average score is 16 of 26
Answer Stats
Hint Answer % Correct
1998 Believe
93%
1966 Chér
85%
1987 Cher
85%
1971 Chér / Gypsys, Tramps & Thieves
85%
1974 Dark Lady
78%
1973 Half-Breed
78%
1989 Heart of Stone
78%
1991 Love Hurts
74%
1979 Take Me Home
74%
2018 Dancing Queen
70%
1995 It's a Man's World
67%
2001 Living Proof
63%
2013 Closer to the Truth
59%
1982 I Paralyze
59%
1979 Prisoner
59%
1965 All I Really Want to Do
56%
2000 not.com.mercial
56%
1975 Stars
48%
1966 The Sonny Side of Chér
48%
1972 Foxy Lady
44%
1968 Backstage
41%
1967 With Love, Chér
41%
1969 3614 Jackson Highway
37%
1977 Cherished
37%
1976 I'd Rather Believe in You
33%
1973 Bittersweet White Light
26%
No matching quizzes found
Score Distribution
Percent of People with Each Score
Percentile by Number Answered
Your Score History
You have not taken this quiz since the last reset